Perspectives on property law
| Other Authors: | , , |
|---|---|
| Format: | Book |
| Published: |
New York :
Aspen Law & Business ,
2002
|
| Edition: | 3rd ed. |
| Subjects: |
MARC
| LEADER | 00000cam a2200000 7i4500 | ||
|---|---|---|---|
| 001 | 0000015043 | ||
| 005 | 20050629.0 | ||
| 020 | |a 0735528748 | ||
| 040 | |a INS | ||
| 090 | 0 | 0 | |a KF562. |b E25 2002 |
| 245 | 0 | 0 | |a Perspectives on property law |c ed.Robert C. Ellickson |
| 250 | |a 3rd ed. | ||
| 260 | |a New York : |b Aspen Law & Business , |c 2002 | ||
| 300 | |a xxvp : |b 572p ; |c 23cm. | ||
| 650 | 0 | 0 | |a Right of property |x United States |
| 700 | 0 | |a Ackenman, Bruce A. | |
| 700 | 0 | |a Ellickson, Robert C. | |
| 700 | 0 | |a Rose, Carol M | |
| 999 | |a 0000015154 |b BOOK |c Open Shelf |e Default branch | ||